000 00542nam a2200157Ia 4500
008 090711s9999 xx 000 0 und d
082 _b7826
100 _aभावे पुरुषोत्तम भा.
245 _aरक्त आणि अश्रु
260 _c1977
600 _aभावे पुरुषोत्तम भा.
630 _aरक्त आणि अश्रु
700 _aभावे पुरुषोत्तम भा.
730 _aरक्त आणि अश्रु
942 _cBOOK
999 _c285898
_d285898